| 000 | 00876nas a2200265 4500 | ||
|---|---|---|---|
| 001 | BR9505714 | ||
| 003 | BR-BrBNA | ||
| 005 | 20231205094437.0 | ||
| 007 | ta | ||
| 008 | 230509b bl.|||p| |||| 00| 00por d | ||
| 040 |
_aBR-BrBNA _bpor _cBiblioteca Nacional de Agricultura |
||
| 041 | _a(Pt) | ||
| 072 | _aF30 | ||
| 100 | 1 | _aMoreira, J.A.N. | |
| 100 | 1 | _aSilva, F.P. da | |
| 100 | 1 | _aAlbuquerque, J.J.L. | |
| 245 | 1 | _aMelhoramento genetico do algodao "Moco" no Estado do Ceara - Brasil. 3. Emprego da analise conjunta de experimentos envolvendo "tipos locais" e variedades melhoradas. | |
| 650 | _aAlgodao Moco | ||
| 650 | _aComportamento de Variedade | ||
| 650 | _aAnalise Estatistica | ||
| 650 | _aCeara | ||
| 773 | 0 |
_tCiencia Agronomica (Brazil) _x _g(Jan 1972), v. 2(1) p. 19-23 _wBR9505714 |
|
| 909 |
_a202311 _bLúcia _c55 _dLúcia Elande |
||
| 942 |
_2AGRIS _n0 _cANA |
||
| 999 |
_c144352 _d144352 |
||